| 000 | 01062nam0a2200301 4500 | ||
|---|---|---|---|
| 001 | RU\NLR\BIBL_A\012324306 | ||
| 005 | 20250624015318.0 | ||
| 035 | _a(NLR Aleph) 012324306 | ||
| 090 |
_a11437619 _c11437619 |
||
| 100 | _a20200831d1930 |||y0rusy50 ca | ||
| 101 | 0 | _aady | |
| 102 | _aRU | ||
| 105 | _aa j 000 y | ||
| 181 | 0 |
_ai _baxxe |
|
| 182 | 0 | _an | |
| 200 | 1 |
_aКэлхозгъогу _fКIубэ Щэбан |
|
| 203 |
_aТекст _bвизуальный _cнепосредственный |
||
| 210 |
_aКраснодар _cАдыгэ тхылъ тедз _cКрайнациздат _d1930 |
||
| 215 |
_a96 с. _cил. _d21 |
||
| 541 | 1 |
_6z01790 _aКолхозный путь _zrus |
|
| 606 | 1 |
_aАдыгейский язык _jБуквари _9909350 _3RU\NLR\AUTH\6612120 |
|
| 686 | 1 | _aШ160.24-929 | |
| 700 | 1 |
_aКIубэ _bЩ. _f1890-1974 _gЩэбан _4070 |
|
| 790 | 1 |
_6z01541 _aКубов _bШ. И. _f1890-1974 _gШабан Индрисович _4070 |
|
| 852 |
_aNLR _bОНЛ _jАдыг./3-29 |
||
| 942 | _cBOOK | ||
| 980 | _aNB | ||